Online marketing a jeho význam pre úspech firmy v prostredí internetu bakalárska práca

Saved in:
Bibliographic Details
Main Author: Trenčan, Milan
Corporate Author: Obchodná fakulta EU. Katedra marketingu
Other Authors: Zámečník, Peter
Format: Book
Language:Slovak
Published: Bratislava 2015
Tags: Add Tag
No Tags, Be the first to tag this record!

MARC

LEADER 00000nbm a2200000 4500
001 0203274
005 20161212105804.9
041 0 |a slo 
044 |a SK 
245 1 0 |a Online marketing a jeho význam pre úspech firmy v prostredí internetu  |b bakalárska práca  |c Milan Trenčan ; školiteľ: Peter Zámečník 
264 1 |a Bratislava  |c 2015 
300 |a 53 s. 
100 1 |a Trenčan, Milan 
700 1 |a Zámečník, Peter 
710 2 |a Obchodná fakulta EU. Katedra marketingu